Manualidades : (Registro nro. 12517)

Detalles MARC
000 -LEADER
fixed length control field 00652nam a22001937a 4500
003 - CONTROL NUMBER IDENTIFIER
control field DO-SdBNP
005 - DATE AND TIME OF LATEST TRANSACTION
control field 20170118120441.0
008 - FIXED-LENGTH DATA ELEMENTS--GENERAL INFORMATION
fixed length control field 170118b 1996 sp |||| |||| 00| 0 spa d
040 ## - CATALOGING SOURCE
Original cataloging agency BPMSU
Language of cataloging spa
Transcribing agency BPMSU
100 ## - MAIN ENTRY--PERSONAL NAME
Personal name Gibson, Ray
245 ## - TITLE STATEMENT
Title Manualidades :
Remainder of title decoración de camisetas /
Statement of responsibility, etc. Ray Gibson ; fotografías Ray Moller ; ilustraciones Chris Chaisty ; traducción Pedro F. Moreno
Medium
260 ## - PUBLICATION, DISTRIBUTION, ETC. (IMPRINT)
Place of publication, distribution, etc. Madrid :
Name of publisher, distributor, etc. Susaeta Ediciones,
Date of publication, distribution, etc. 1996
300 ## - PHYSICAL DESCRIPTION
Materials specified
Extent 32 p.:
Other physical details ils. ;
Dimensions 29 cm.
700 ## - ADDED ENTRY--PERSONAL NAME
Personal name Chaisty, Chris
Relator term il.
700 ## - ADDED ENTRY--PERSONAL NAME
Personal name Moller, Ray
700 ## - ADDED ENTRY--PERSONAL NAME
Personal name Moreno, Pedro F.
942 ## - ADDED ENTRY ELEMENTS (KOHA)
Source of classification or shelving scheme Dewey Decimal Classification
Koha item type Libros
956 ## - LOCAL ELECTRONIC LOCATION AND ACCESS (OCLC)
Host name VMATEO
Access number 10
Compression information 20170118
Path BPMSU
Electronic name 0069
Existencias
Withdrawn status Lost status Source of classification or shelving scheme Damaged status Not for loan Collection code Home library Current library Date acquired Source of acquisition Total Checkouts Barcode Date last seen Price effective from Koha item type
    Dewey Decimal Classification     Colección General Biblioteca Pública Metropolitana Salomé Ureña Biblioteca Pública Metropolitana Salomé Ureña 01/18/2017 Sellar   BPMET17010733 01/18/2017 01/18/2017 Libros